Определение отклонений геометрической формы оболочек корпусных изделий геохода; Актуальные проблемы современного машиностроения

Bibliographische Detailangaben
Parent link:Актуальные проблемы современного машиностроения.— 2014.— [С. 165-170 ]
1. Verfasser: Вальтер А. В. Александр Викторович
Körperschaften: Национальный исследовательский Томский политехнический университет (ТПУ) Юргинский технологический институт (филиал) (ЮТИ) Кафедра технологии машиностроения (ТМС), Национальный исследовательский Томский политехнический университет (ТПУ) Юргинский технологический институт (филиал) (ЮТИ) Кафедра горно-шахтного оборудования (ГШО)
Weitere Verfasser: Аксёнов В. В. Владимир Валерьевич
Zusammenfassung:Заглавие с титульного экрана
Sprache:Russisch
Veröffentlicht: 2014
Schriftenreihe:Математическое моделирование прикладных задач
Schlagworte:
Online-Zugang:http://earchive.tpu.ru/handle/11683/18978
Format: MixedMaterials Elektronisch Buchkapitel
KOHA link:https://koha.lib.tpu.ru/cgi-bin/koha/opac-detail.pl?biblionumber=610790

MARC

LEADER 00000naa2a2200000 4500
001 610790
005 20231102023248.0
035 |a (RuTPU)RU\TPU\conf\8423 
035 |a RU\TPU\conf\8415 
090 |a 610790 
100 |a 20150205d2014 k y0rusy50 ca 
101 0 |a rus 
102 |a RU 
105 |a y z 101zy 
135 |a drcn ---uucaa 
181 0 |a i  
182 0 |a b 
200 1 |a Определение отклонений геометрической формы оболочек корпусных изделий геохода  |f А. В. Вальтер, В. В. Аксёнов 
203 |a Текст  |c электронный 
225 1 |a Математическое моделирование прикладных задач 
230 |a 1 компьютерный файл (pdf; 686 Кb) 
300 |a Заглавие с титульного экрана 
320 |a [Библиогр.: с. 170 (9 назв.)] 
337 |a Adobe Reader 
463 0 |0 (RuTPU)RU\TPU\conf\7793  |t Актуальные проблемы современного машиностроения  |o сборник трудов Международной научно-практической конференции, г. Юрга, 11-12 декабря 2014 г.  |f Национальный исследовательский Томский политехнический университет (ТПУ), Юргинский технологический институт (ЮТИ) ; ред. кол. Д. В. Валуев [и др.]  |v [С. 165-170 ]  |d 2014 
610 1 |a труды учёных ТПУ 
610 1 |a электронный ресурс 
610 1 |a геоходы 
610 1 |a корпусные изделия 
610 1 |a горные машины 
610 1 |a оболочки 
610 1 |a механическая обработка 
700 1 |a Вальтер  |b А. В.  |c специалист в области машиностроения  |c доцент Юргинского технологического института (филиала) Томского политехнического университета  |f 1979-  |g Александр Викторович  |2 stltpush  |3 (RuTPU)RU\TPU\pers\24229 
701 1 |a Аксёнов  |b В. В.  |c горный инженер  |c профессор Юргинского технологического института (филиала) Томского политехнического университета, доктор технических наук  |f 1955-  |g Владимир Валерьевич  |2 stltpush  |3 (RuTPU)RU\TPU\pers\26165  |9 11974 
712 0 2 |a Национальный исследовательский Томский политехнический университет (ТПУ)  |b Юргинский технологический институт (филиал) (ЮТИ)  |b Кафедра технологии машиностроения (ТМС)  |h 356  |2 stltpush  |3 (RuTPU)RU\TPU\col\18902 
712 0 2 |a Национальный исследовательский Томский политехнический университет (ТПУ)  |b Юргинский технологический институт (филиал) (ЮТИ)  |b Кафедра горно-шахтного оборудования (ГШО)  |h 2088  |2 stltpush  |3 (RuTPU)RU\TPU\col\18984 
801 2 |a RU  |b 63413507  |c 20221122  |g RCR 
856 4 |u http://earchive.tpu.ru/handle/11683/18978 
942 |c BK